000 01008nam a2200325Ia 4500
003 OSt
005 20221007122727.0
006 a|||||r|||| 00| 0
007 ta
008 221006b |||||||| |||| 00| 0 eng d
020 _a9783527406012 (pbk)
024 _a157409
037 _b566, 03/10/2011, Aviva Books Company
_cTextual
040 _aPAPL
_cPAPL
_beng
041 _2eng
_aeng
082 _aC2951, M7;P8;2 Carpa
100 _aGriffiths David
_9451078
245 0 _aIntroduction to elementary particles
250 _a2, (Rev. ed.)
260 _aWeinheim
_bJohn Wiley
_c2008
300 _axvi; 454p.
_ccm.
500 _aIndex 441-454p.
650 _a Elementary particles
650 _a Gauge theory
_9715033
650 _a Properties of matter
_9715034
650 _a Relativistic kinematics
_9715035
650 _aPhysics
942 _hC2951, M7;P8;2 Carpa
_cTEXL
_2CC
999 _c1210834
_d1210834